| 000 | 00928nam a22002057a 4500 | ||
|---|---|---|---|
| 999 |
_c3551 _d3551 |
||
| 003 | AR-CdUCM | ||
| 008 | 190306b ||||| |||| 00| 0 spa d | ||
| 040 |
_aMUNICIPALIDAD PROVINCIAL DEL CUSCO _cBIBLIOTECA MUNICIPAL DEL CUSCO |
||
| 082 |
_a980 / _bSA22 |
||
| 100 |
_aSánchez, Luis Alberto _9401 |
||
| 245 |
_a¿Existe América Latina? : _bexamen espectral de América Latina: civilización y cultura, esencia de la tradición, ataque del mestizo / |
||
| 260 |
_aLima : _bTalleres gráficos P. L. Villanueva, _c1968. |
||
| 300 |
_a227 páginas ; _c25 cm. |
||
| 505 | _aContenido: El problema de la fisonomía ¿existe América Latina? -- Pendencia y conciliación de la geografía y la historia -- El racismo contra la unidad y esencia de América -- Ataque y defensa del indio ... | ||
| 650 |
_aAmérica Latina _91130 |
||
| 650 |
_aRacismo _93784 |
||
| 650 |
_aNegros - Indios _911633 |
||
| 942 |
_2ddc _cLIBROS |
||
| 945 | _aafb | ||